<?xml version="1.0" encoding="UTF-8"?><?xml-stylesheet type="text/xsl" href="static/style.xsl"?><OAI-PMH xmlns="http://www.openarchives.org/OAI/2.0/" xmlns:xsi="http://www.w3.org/2001/XMLSchema-instance" xsi:schemaLocation="http://www.openarchives.org/OAI/2.0/ http://www.openarchives.org/OAI/2.0/OAI-PMH.xsd"><responseDate>2026-04-17T07:38:49Z</responseDate><request verb="GetRecord" identifier="oai:www.recercat.cat:2117/115485" metadataPrefix="marc">https://recercat.cat/oai/request</request><GetRecord><record><header><identifier>oai:recercat.cat:2117/115485</identifier><datestamp>2026-01-12T12:01:53Z</datestamp><setSpec>com_2072_1033</setSpec><setSpec>col_2072_452950</setSpec></header><metadata><record xmlns="http://www.loc.gov/MARC21/slim" xmlns:dcterms="http://purl.org/dc/terms/" xmlns:xsi="http://www.w3.org/2001/XMLSchema-instance" xmlns:doc="http://www.lyncode.com/xoai" xsi:schemaLocation="http://www.loc.gov/MARC21/slim http://www.loc.gov/standards/marcxml/schema/MARC21slim.xsd">
   <leader>00925njm 22002777a 4500</leader>
   <datafield ind2=" " ind1=" " tag="042">
      <subfield code="a">dc</subfield>
   </datafield>
   <datafield ind2=" " ind1=" " tag="720">
      <subfield code="a">Sanjuan-Delmás, David</subfield>
      <subfield code="e">author</subfield>
   </datafield>
   <datafield ind2=" " ind1=" " tag="720">
      <subfield code="a">Llorach Massana, Pere</subfield>
      <subfield code="e">author</subfield>
   </datafield>
   <datafield ind2=" " ind1=" " tag="720">
      <subfield code="a">Nadal, Ana</subfield>
      <subfield code="e">author</subfield>
   </datafield>
   <datafield ind2=" " ind1=" " tag="720">
      <subfield code="a">Ercilla-Montserrat, Mireia</subfield>
      <subfield code="e">author</subfield>
   </datafield>
   <datafield ind2=" " ind1=" " tag="720">
      <subfield code="a">Muñoz, Pere</subfield>
      <subfield code="e">author</subfield>
   </datafield>
   <datafield ind2=" " ind1=" " tag="720">
      <subfield code="a">Montero Camacho, Juan Ignacio</subfield>
      <subfield code="e">author</subfield>
   </datafield>
   <datafield ind2=" " ind1=" " tag="720">
      <subfield code="a">Josa Garcia-Tornel, Alejandro</subfield>
      <subfield code="e">author</subfield>
   </datafield>
   <datafield ind2=" " ind1=" " tag="720">
      <subfield code="a">Gabarrell Durany, Xavier</subfield>
      <subfield code="e">author</subfield>
   </datafield>
   <datafield ind2=" " ind1=" " tag="720">
      <subfield code="a">Rieradevall Pons, Joan</subfield>
      <subfield code="e">author</subfield>
   </datafield>
   <datafield ind2=" " ind1=" " tag="260">
      <subfield code="c">2018-03</subfield>
   </datafield>
   <datafield ind2=" " ind1=" " tag="520">
      <subfield code="a">Vertical farming is emerging as an effective measure to grow food in buildings and can increase food production in urban areas in a more sustainable manner. This study presents a comprehensive environmental assessment of food production in an integrated rooftop greenhouse (i-RTG) – an innovative vertical farm consisting of a rooftop greenhouse connected to a building – and considers rainwater, residual heat (energy), residual air (CO2) and food from an industrial ecology perspective. This synergistic connection preserves resources and improves conditions in the greenhouse and the building. The goal of the study is to show the feasibility of the system and to calculate the environmental impacts from its whole life cycle, from infrastructure to end of life, by comparing these impacts with those of conventional production. The results show that the system is feasible and produced 30.2¿kg/m2 of tomato over 15.5 months. The synergy with the building allows the cultivation of winter-fall crops without supplying heating and maintained an average temperature 8¿°C higher than that outdoors. Moreover, rainwater was used to irrigate the crops, reducing consumption from the water supply network by 80–90%. The environmental assessment showed that the operation of the i-RTG has more impacts than the infrastructure (structure of the greenhouse, rainwater harvesting system and equipment) due to the use of fertilisers, which account for 25% of the impacts in four of the six impact categories studied. Regarding the infrastructure, the greenhouse structure and rainwater harvesting system of the building have substantial environmental impacts (over 30% in four of the six impact categories). Comparison with a conventional greenhouse demonstrates that the i-RTG has a better environmental performance, showing between 50 and 75% lower impacts in five of the six impact categories (for instance, 0.58¿kg of CO2 equivalent per kg of tomato vs. 1.7¿kg), mainly due to the reduced packaging and transport requirements. From this study, it was concluded that optimisation of the amount of infrastructure material and management of the operation could lead to even better environmental performance in future i-RTG projects.</subfield>
   </datafield>
   <datafield ind2=" " ind1=" " tag="520">
      <subfield code="a">Peer Reviewed</subfield>
   </datafield>
   <datafield ind2=" " ind1=" " tag="520">
      <subfield code="a">Postprint (author's final draft)</subfield>
   </datafield>
   <datafield tag="653" ind2=" " ind1=" ">
      <subfield code="a">Àrees temàtiques de la UPC::Enginyeria agroalimentària::Agricultura</subfield>
   </datafield>
   <datafield tag="653" ind2=" " ind1=" ">
      <subfield code="a">Àrees temàtiques de la UPC::Desenvolupament humà i sostenible::Desenvolupament sostenible</subfield>
   </datafield>
   <datafield tag="653" ind2=" " ind1=" ">
      <subfield code="a">Urban agriculture</subfield>
   </datafield>
   <datafield tag="653" ind2=" " ind1=" ">
      <subfield code="a">Food security</subfield>
   </datafield>
   <datafield tag="653" ind2=" " ind1=" ">
      <subfield code="a">Urban agriculture</subfield>
   </datafield>
   <datafield tag="653" ind2=" " ind1=" ">
      <subfield code="a">Vertical farming</subfield>
   </datafield>
   <datafield tag="653" ind2=" " ind1=" ">
      <subfield code="a">LCA</subfield>
   </datafield>
   <datafield tag="653" ind2=" " ind1=" ">
      <subfield code="a">Water-energy-food nexus</subfield>
   </datafield>
   <datafield tag="653" ind2=" " ind1=" ">
      <subfield code="a">Industrial ecology</subfield>
   </datafield>
   <datafield tag="653" ind2=" " ind1=" ">
      <subfield code="a">Agricultura urbana</subfield>
   </datafield>
   <datafield ind2="0" ind1="0" tag="245">
      <subfield code="a">Environmental assessment of an integrated rooftop greenhouse for food production in cities</subfield>
   </datafield>
</record></metadata></record></GetRecord></OAI-PMH>